Statistics for Edinburgh Secondary Schools

Click here to take the quiz!

General Stats

  • This quiz has been taken 89 times
  • The average score is 8 of 23

Answer Stats

Answer% Correct
Boroughmuir High School
62%
Leith Academy
60%
Portobello High School
55%
The Royal High School
52%
Broughton High School
47%
James Gillespie’s High School
47%
Liberton High School
42%
Firrhill High School
41%
Gracemount High School
41%
Trinity Academy
40%
Tynecastle High School
38%
Wester Hailes Education Centre
38%
Forrester High School
36%
Craigmount High School
34%
Currie Community High School
22%
Craigroyston Community High School
16%
Drummond Community High School
16%
Balerno Community High School
14%
Castlebrae Community High School
14%
Holyrood RC High School
14%
Queensferry Community High School
10%
St Augustine’s RC High School
10%
St Thomas of Aquin’s RC High School
7%

Score Distribution

Percentile by Number Answered

Percent of People with Each Score

Your Score History

You have not taken this quiz